Sixto sexto (Record no. 122309)

MARC details
000 -LEADER
campo de control de longitud fija 00822nam a2200241 i 4500
001 - NÚMERO DE CONTROL
campo de control 122309
003 - IDENTIFICADOR DE NÚMERO DE CONTROL
campo de control ES-MaACL
005 - FECHA Y HORA DE LA ÚLTIMA TRANSACCIÓN
campo de control 20230906191942.0
007 - CAMPO FIJO DE DESCRIPCIÓN FÍSICA--INFORMACIÓN GENERAL
campo de control de longitud fija t|
008 - DATOS DE LONGITUD FIJA--INFORMACIÓN GENERAL
campo de control de longitud fija 070524s1929 sp ||||1| spa d
080 ## - NÚMERO DE LA CLASIFICACIÓN DECIMAL UNIVERSAL
Número de la Clasificación Decimal Universal 821.134.2-22"22"
100 1# - ENTRADA PRINCIPAL--NOMBRE DE PERSONA
Nombre de persona Paso, Antonio.
9 (RLIN) 89421
245 10 - MENCIÓN DEL TÍTULO
Título Sixto sexto
Resto del título : apropósito cómico en tres actos y en prosa /
Mención de responsabilidad, etc. Antonio Paso y Antonio Estremera ; dibujos de Almada.
260 ## - PUBLICACIÓN, DISTRIBUCIÓN, ETC.
Lugar de publicación, distribución, etc. Madrid :
Nombre del editor, distribuidor, etc. Editorial Estampa,
Fecha de publicación, distribución, etc. 1929.
300 ## - DESCRIPCIÓN FÍSICA
Extensión 64 p. :
Otras características físicas il. ;
Dimensiones 16 cm.
490 1# - MENCIÓN DE SERIE
Mención de serie Farsa ;
Designación de volumen o secuencia 113
500 ## - NOTA GENERAL
Nota general Estrenado en el teatro de la Comedia de Madrid el día 3 de mayo de 1929.
700 1# - ENTRADA AGREGADA--NOMBRE PERSONAL
Nombre de persona Estremera, Antonio.
9 (RLIN) 48253
700 1# - ENTRADA AGREGADA--NOMBRE PERSONAL
Nombre de persona Almada Negreiros, José de.
9 (RLIN) 20067
830 0# - PUNTO DE ACCESO ADICIONAL DE SERIE-TÍTULO UNIFORME
Título uniforme Farsa ;
Designación de volumen o secuencia 113
9 (RLIN) 186562
852 ## - LOCALIZACIÓN
Ubicación ES-MaACL
Número de control de estantería G-8823
Sublocalización o colección R.142276
Holdings
Estatus retirado Estado de pérdida Estado de daño No para préstamo Biblioteca de origen Biblioteca actual Ubicación en estantería Fecha de adquisición Fuente de adquisición Total de préstamos Signatura topográfica completa Código de barras Visto por última vez Precio de reemplazo Tipo de ítem Koha
        Biblioteca del Ateneo de Madrid Biblioteca del Ateneo de Madrid Sala Pecera Planta 3 17/01/2008     G-8823 1127453 23/02/2023 23/02/2023 Libro impreso